000 00532nam a2200181Ia 4500
001 23679
005 20260414150953.0
008 260414t2020||||xx |||||||||||||| ||spa||
041 _aESP
082 _a690.0285
_bL42
100 _aLeite, Fernanda L.,
_eAUT
245 0 _aBIM for design coordination :
_ba virtual design and construction guide for designers, general contractors, and MEP subcontractors
260 _c2020
300 _axv, 164 páginas :
_c23 cm.
650 _a0
654 _aCIC
942 _cLIB
_dJUS
_fJUS
_2ddc
_n
999 _c23679
_d23679